Le Tribunal International / (Record no. 156539)

MARC details
000 -LEADER
campo de control de longitud fija 01110nam a22002655i 4500
001 - NÚMERO DE CONTROL
campo de control 156539
003 - IDENTIFICADOR DE NÚMERO DE CONTROL
campo de control ES-MaACL
005 - FECHA Y HORA DE LA ÚLTIMA TRANSACCIÓN
campo de control 20230906210432.0
008 - DATOS DE LONGITUD FIJA--INFORMACIÓN GENERAL
campo de control de longitud fija 981222s1887 fr |||| | fre d
040 ## - FUENTE DE CATALOGACIÓN
Centro catalogador/agencia de origen CCPB | B
Lengua de catalogación spa
Centro/agencia transcriptor CCPB | B
100 1# - ENTRADA PRINCIPAL--NOMBRE DE PERSONA
Nombre de persona Kamarowsky, L.
Títulos y otros términos asociados al nombre Comte.
9 (RLIN) 128424
245 13 - MENCIÓN DEL TÍTULO
Título Le Tribunal International /
Mención de responsabilidad, etc. par le comte L. Kamarowsky ; ouvrage traduit par Serge de Westman ; et précédé d'une introduction par Jules Lacointa.
260 ## - PUBLICACIÓN, DISTRIBUCIÓN, ETC.
Lugar de publicación, distribución, etc. Paris :
Nombre del editor, distribuidor, etc. A. Durand et Pedone-Lauriel :
-- G. Pedone-Lauriel, Successeur,
Fecha de publicación, distribución, etc. 1887.
300 ## - DESCRIPCIÓN FÍSICA
Extensión [4], XXXIV, 528 p. ;
Dimensiones 23 cm.
490 1# - MENCIÓN DE SERIE
Mención de serie Bibliotèque Internationale & Diplomatique ;
Designación de volumen o secuencia XXI
597 #1 - NOTA DE DESCRIPCIÓN FÍSICA
NOTA DE DESCRIPCIÓN FÍSICA Antep.
650 #4 - PUNTO DE ACCESO ADICIONAL DE MATERIA--TÉRMINO DE MATERIA
Término de materia o nombre geográfico como elemento de entrada Tribunales internacionales.
9 (RLIN) 136956
700 11 - ENTRADA AGREGADA--NOMBRE PERSONAL
Nombre de persona Westman, Serge de,
Término indicativo de función/relación
9 (RLIN) 133912
700 11 - ENTRADA AGREGADA--NOMBRE PERSONAL
Nombre de persona Lacointa, Jules,
Término indicativo de función/relación
9 (RLIN) 128561
752 ## - ENTRADA AGREGADA--NOMBRE JERÁRQUICO DEL LUGAR
País o entidad superior Francia -
Ciudad París
830 0# - PUNTO DE ACCESO ADICIONAL DE SERIE-TÍTULO UNIFORME
Título uniforme Bibliotèque Internationale & Diplomatique ;
Designación de volumen o secuencia XXI
9 (RLIN) 221686
852 ## - LOCALIZACIÓN
Ubicación ES-MaACL
Número de control de estantería F-8330
Nota libre -- Enc. pasta española
Encuadernación -- Edic.: El imp. consta en colofón: "Laval : Imp. et stér. E. Jamin"
Holdings
Estatus retirado Estado de pérdida Estado de daño No para préstamo Colección Biblioteca de origen Biblioteca actual Ubicación en estantería Fecha de adquisición Fuente de adquisición Total de préstamos Signatura topográfica completa Código de barras Visto por última vez Precio de reemplazo Tipo de ítem Koha
        Libros del s. XIX Biblioteca del Ateneo de Madrid Biblioteca del Ateneo de Madrid Sala Pecera Planta 2 17/01/2008     F-8330 1163775 23/02/2023 23/02/2023 Libro impreso antiguo